গণহত্যা-বধ্যভূমি ও গণকবর জরিপ : (Record no. 79322)
[ view plain ]
| 000 -LEADER | |
|---|---|
| fixed length control field | 01445nam a2200277 a 4500 |
| 001 - CONTROL NUMBER | |
| control field | 79322 |
| 003 - CONTROL NUMBER IDENTIFIER | |
| rucl marc code | BD-RjUL |
| 005 - DATE AND TIME OF LATEST TRANSACTION | |
| control field | 20220206110559.0 |
| 008 - FIXED-LENGTH DATA ELEMENTS--GENERAL INFORMATION | |
| fixed length control field | 220206s2020 bg ||||| |||| 00| 0 ben d |
| 020 ## - INTERNATIONAL STANDARD BOOK NUMBER | |
| International Standard Book Number | 9789843495099 |
| Terms of availability | :Tk.200 |
| 035 ## - SYSTEM CONTROL NUMBER | |
| System control number | (BD-RjUL)79322 |
| 040 ## - CATALOGING SOURCE | |
| Original cataloging agency | BD-RjUL |
| Language of cataloging | eng |
| Transcribing agency | BD-RjUL |
| 041 ## - LANGUAGE CODE | |
| Language code of text/sound track or separate title | ben |
| 082 ## - DEWEY DECIMAL CLASSIFICATION NUMBER | |
| Edition number | 23 |
| Classification number | 954.9205 |
| Author mark and year | RAG 2020 |
| 100 ## - MAIN ENTRY--PERSONAL NAME | |
| Personal name | রহমান, মো. মাহবুবর |
| 245 10 - TITLE STATEMENT | |
| Title | গণহত্যা-বধ্যভূমি ও গণকবর জরিপ : |
| Remainder of title | চাঁপাইনবাবগঞ্জ জেলা / |
| Statement of responsibility, etc. | মো. মাহবুবর রহমান |
| 260 ## - PUBLICATION, DISTRIBUTION, ETC. (IMPRINT) | |
| Place of publication, distribution, etc. | খুলনা : |
| Name of publisher, distributor, etc. | ১৯৭১ : গণহত্যা - নির্যাতন আর্কাইভ ও জাদুঘর ট্রাস্ট, |
| Date of publication, distribution, etc. | ২০২০ |
| 300 ## - PHYSICAL DESCRIPTION | |
| Pagination | ১১৬ পৃ.: |
| Illustrations | চিত্রসমূহ ; |
| Size | ২২ সেমি. |
| 490 ## - SERIES STATEMENT | |
| Series statement | জরিপ গ্রন্থমালা : |
| Volume/sequential designation | ২৫ |
| 650 ## - SUBJECT ADDED ENTRY--TOPICAL TERM | |
| Topical term or geographic name as entry element | বাংলাদেশ |
| General subdivision | ইতিহাস |
| Chronological subdivision | মুক্তিযুদ্ধ, ১৯৭১ |
| 9 (RLIN) | 964 |
| Topical term or geographic name as entry element | Bangladesh |
| General subdivision | History |
| Chronological subdivision | Revolution, 1971 |
| 9 (RLIN) | 1141 |
| Topical term or geographic name as entry element | গণহত্যা |
| Geographic subdivision | চাঁপাইনবাবগঞ্জ |
| Chronological subdivision | মুক্তিযুদ্ধ, ১৯৭১ |
| 9 (RLIN) | 1142 |
| Topical term or geographic name as entry element | Genocide |
| Geographic subdivision | Chapainawabganj |
| Chronological subdivision | War of Liberation, 1971 |
| 9 (RLIN) | 1143 |
| 830 ## - SERIES ADDED ENTRY--UNIFORM TITLE | |
| Uniform title | জরিপ গ্রন্থমালা : |
| Volume number/sequential designation | ২৫ |
| 942 ## - ADDED ENTRY ELEMENTS (KOHA) | |
| Source of classification or shelving scheme | Dewey Decimal Classification |
| Koha item type | Books |
| Lost status | Source of classification or shelving scheme | Damaged status | Not for loan | Collection code | Permanent Location | Current Location | Shelving location | Date acquired | Source of acquisition | Cost, normal purchase price | Full call number | Date last seen | Copy number | Koha item type |
|---|---|---|---|---|---|---|---|---|---|---|---|---|---|---|
| Dewey Decimal Classification | Not For Loan | Non-fiction | Central Library, University of Rajshahi | Central Library, University of Rajshahi | Bangabandhu Corner Section | 11/03/2021 | Rajshahi Heritage Archives of Bangladesh | 160.00 | B 954.9205 RAG 2020 | 06/02/2022 | C-1 | Books |